00718nam a2200229Ia 4500001000700000003000500007005001700012008004100029010001100070040000900081082001700090110008300107245011700190260004100307300001100348503002000359650003000379650002900409650002300438650001300461650001400474Z_5368CHAP20260129130820.0220113s1996 xx 000 0 und d a168437 cCHAP a633.202 C684 aComisión Técnico Consultiva de Coeficientes de Agostadero. Unidad Morelos. aCurso manejo de pastizales, establecimiento de praderas y producción de leche y carne en pastoreo /cCOTECOCA aCuernavaca, Mor. :bCOTECOCA,c1996 a124 h. aej.1: fotocopia aGanado de carnexPastoreo aGanado lecheroxPastoreo aPastizalesxManejo aPastoreo aPraderas